[Event "40th Eastman Open Ghent"]
[Site "Ghent"]
[Date "2017.07.16"]
[Round "3"]
[White "van Akkeren, Arno"]
[Black "Sarrau, Jelle"]
[Result "0-1"]
[WhiteElo "2086"]
[BlackElo "2363"]
[Annotator "RC"]
[PlyCount "64"]
[EventDate "2017.??.??"]
[EventType "swiss"]
[EventCountry "BEL"]
[SourceTitle "playchess.com"]
[Source "ChessBase"]
[SourceQuality "1"]
[TimeControl "7200"]

1. e4 {[%emt 0:00:03]} c5 {[%emt 0:00:25]} 2. c3 {[%emt 0:00:07]} d6 {[%emt 0:00:10]} 3. d4 {[%emt 0:00:05]} Nf6 {[%emt 0:00:05]} 4. Bd3 {[%emt 0:01:01]} g6 {[%emt 0:00:07]} 5. Nf3 {[%emt 0:00:17]} Bg7 {[%emt 0:00:08]} 6. O-O {[%emt 0:00:50]} O-O {[%emt 0:00:14]} 7. h3 {[%emt 0:01:46]} Nfd7 {[%emt 0:00:41]} 8. Be3 {[%emt 0:10:29]} Nc6 {[%emt 0:00:20]} 9. d5 {[%emt 0:03:23]} Nce5 {[%emt 0:00:22]} 10. Nxe5 {[%emt 0:00:21]} Nxe5 {[%emt 0:00:44]} 11. f4 {[%emt 0:06:40]} Nxd3 {[%emt 0:00:26]} 12. Qxd3 {[%emt 0:00:06]} Qb6 {[%emt 0:02:29]} 13. b4 {[%emt 0:13:22]} Bd7 {[%emt 0:18:01]} 14. Nd2 {[%emt 0:11:25]} Qb5 {[%emt 0:06:12]} 15. c4 {[%emt 0:07:59]} Qa4 {[%emt 0:05:36]} 16. Rab1 {[%emt 0:00:59]} cxb4 {[%emt 0:01:39]} 17. Bd4 {[%emt 0:03:26]} Bxd4+ {[%emt 0:11:51]} 18. Qxd4 {[%emt 0:00:08]} Qa5 {[%emt 0:00:11]} 19. Kf2 {[%emt 0:17:00]} Rac8 {[%emt 0:08:47]} 20. Ke3 {[%emt 0:05:06]} b5 {[%emt 0:08:06]} 21. f5 {[%emt 0:09:36]} bxc4 {[%emt 0:03:14]} 22. fxg6 {[%emt 0:06:54]} hxg6 {[%emt 0:00:36]} 23. Nxc4 {[%emt 0:05:13]} Qxa2 {[%emt 0:01:23]} 24. Rxb4 {[%emt 0:00:11]} Qxg2 {[%emt 0:01:14]} 25. Rf2 {[%emt 0:03:31]} Qg3+ {[%emt 0:00:35]} 26. Kd2 {[%emt 0:01:41]} Rb8 {[%emt 0:03:02]} 27. Rxb8 {[%emt 0:02:17]} Rxb8 {[%emt 0:00:07]} 28. e5 {[%emt 0:01:29]} dxe5 {[%emt 0:03:49]} 29. Nxe5 {[%emt 0:00:06]} Rb2+ {[%emt 0:01:02]} 30. Qxb2 {[%emt 0:00:04]} Qxf2+ {[%emt 0:00:06]} 31. Kc3 {[%emt 0:00:09]} Qc5+ {[%emt 0:02:18]} 32. Nc4 {[%emt 0:00:16]} Bb5 {[%emt 0:00:52]} 0-1

[Event "40th Eastman Open Ghent"]
[Site "Ghent"]
[Date "2017.07.16"]
[Round "3"]
[White "De Haas, Wouter"]
[Black "Froeyman, Helmut"]
[Result "0-1"]
[WhiteElo "2032"]
[BlackElo "2264"]
[Annotator "NA RC"]
[PlyCount "76"]
[EventDate "2017.??.??"]
[EventType "swiss"]
[EventCountry "BEL"]
[SourceTitle "playchess.com"]
[Source "ChessBase"]
[SourceQuality "1"]
[TimeControl "7200"]

1. e4 {[%emt 0:00:05]} e5 {[%emt 0:00:05]} 2. Nf3 {[%emt 0:00:08]} Nc6 {[%emt 0:00:04]} 3. Bb5 {[%emt 0:00:09]} a6 {[%emt 0:00:07]} 4. Ba4 {[%emt 0:00:07]} Nf6 {[%emt 0:00:10]} 5. O-O {[%emt 0:00:21]} Be7 {[%emt 0:00:11]} 6. Re1 {[%emt 0:00:35]} b5 {[%emt 0:00:10]} 7. Bb3 {[%emt 0:00:10]} d6 {[%emt 0:00:10]} 8. h3 {[%emt 0:01:08]} Na5 {[%emt 0:07:57]} 9. c3 {[%emt 0:01:35]} Nxb3 {[%emt 0:01:42]} 10. axb3 {[%emt 0:00:08]} Bb7 {[%emt 0:06:36]} 11. d3 {[%emt 0:00:20]} O-O {[%emt 0:00:12]} 12. Nbd2 {[%emt 0:00:20]} Re8 {[%emt 0:07:01] C90: Closed Ruy Lopez with 7...d6: Early deviations} (12... Nd7 13. b4 f5 14. Nf1 Kh8 15. b3 Qe8 16. c4 Qg6 17. Qe2 c5 18. Bd2 f4 19. Ra2 Qe6 20. Rea1 {1-0 (38) Rasulov,V (2512)-Dastan,B (2439) Nakhchivan 2014}) 13. b4 {[%emt 0:01:07]} h6 {[%emt 0:09:46]} 14. Nb3 {[%emt 0:01:12]} Rb8 $146 {[%emt 0:01:50]} ({Predecessor:} 14... Bf8 15. Na5 Bc8 16. Qc2 Nh5 17. d4 Qf6 18. Qd1 Nf4 19. Bxf4 Qxf4 {0-1 (38) Allahverdiyeva,A (1886)-Toth,N (1668) Prague 2016}) 15. Qc2 {[%emt 0:03:13]} Bf8 {[%emt 0:01:36]} 16. Be3 {[%emt 0:01:02]} Qd7 {[%emt 0:07:39]} 17. Na5 {[%emt 0:09:18]} Ba8 {[%emt 0:01:32]} 18. Nb3 {[%emt 0:00:55]} Bb7 {[%emt 0:00:25]} 19. Nfd2 {[%emt 0:01:09]} d5 {[%emt 0:08:43]} 20. Bc5 {[%emt 0:01:32]} Bd6 {[%emt 0:00:15]} 21. Nf1 {[%emt 0:04:03]} Qe6 {[%emt 0:01:59]} 22. f3 {[%emt 0:07:22]} Nh5 {[%emt 0:05:37]} 23. Ne3 {[%emt 0:01:27]} Nf4 {[%emt 0:01:36]} 24. Rad1 {[%emt 0:07:27]} Rbd8 {[%emt 0:01:09]} 25. Nf5 {[%emt 0:03:31]} Qg6 {[%emt 0:08:01]} 26. Ne3 {[%emt 0:03:29]} Nxh3+ {[%emt 0:01:54]} 27. Kf1 {[%emt 0:04:35]} Nf4 {[%emt 0:00:37]} 28. c4 {[%emt 0:01:34]} bxc4 {[%emt 0:03:26]} 29. dxc4 {[%emt 0:03:28]} dxe4 {[%emt 0:01:25]} 30. Na5 {[%emt 0:01:42]} Ba8 {[%emt 0:01:57]} 31. Bxd6 {[%emt 0:00:53]} cxd6 {[%emt 0:03:55]} 32. fxe4 {[%emt 0:04:19]} Bxe4 {[%emt 0:00:33]} 33. Qd2 {[%emt 0:00:56]} Re6 {[%emt 0:03:43]} 34. c5 {[%emt 0:01:36]} Rf6 {[%emt 0:01:21]} 35. Kg1 $19 {[%emt 0:02:28]} Nh3+ {[%emt 0:01:39]} 36. Kh2 {[%emt 0:00:07]} Nf2 {[%emt 0:01:29]} 37. Nac4 {[%emt 0:02:38]} Qh5+ {[%emt 0:02:07]} 38. Kg1 {[%emt 0:00:18]} Qh1# 0-1

[Event "40th Eastman Open Ghent"]
[Site "Ghent"]
[Date "2017.07.16"]
[Round "3"]
[White "Ten Have, Roland"]
[Black "Harakis, Alexis M"]
[Result "0-1"]
[WhiteElo "1919"]
[BlackElo "2284"]
[Annotator "RC"]
[PlyCount "50"]
[EventDate "2017.??.??"]
[EventType "swiss"]
[EventCountry "BEL"]
[SourceTitle "playchess.com"]
[Source "ChessBase"]
[SourceQuality "1"]
[TimeControl "7200"]

1. e4 {[%emt 0:43:16]} e6 2. b3 {[%emt 0:04:28]} b6 {[%emt 0:08:03]} 3. Bb2 {[%emt 0:03:26]} Bb7 {[%emt 0:00:08]} 4. Nc3 {[%emt 0:00:03]} c5 {[%emt 0:01:30]} 5. Nf3 {[%emt 0:01:42]} Nc6 {[%emt 0:00:19]} 6. d4 {[%emt 0:00:13]} Nxd4 {[%emt 0:00:27]} 7. Nxd4 {[%emt 0:00:04]} cxd4 {[%emt 0:00:05]} 8. Qxd4 {[%emt 0:00:07]} Nf6 {[%emt 0:00:09]} 9. f3 {[%emt 0:02:21]} Bc5 {[%emt 0:08:56]} 10. Qd2 {[%emt 0:00:10]} Qe7 {[%emt 0:00:39]} 11. a3 {[%emt 0:01:29]} e5 {[%emt 0:07:23]} 12. Nb5 {[%emt 0:05:53]} O-O {[%emt 0:16:16]} 13. b4 {[%emt 0:00:15]} a6 {[%emt 0:00:15]} 14. Nc7 {[%emt 0:04:23]} Bd6 {[%emt 0:01:12]} 15. Nxa8 {[%emt 0:00:21]} Rxa8 {[%emt 0:00:07]} 16. Bc4 {[%emt 0:00:54]} b5 {[%emt 0:04:58]} 17. Bb3 {[%emt 0:01:06]} Bc7 {[%emt 0:00:31]} 18. O-O {[%emt 0:00:18]} Bb6+ {[%emt 0:00:41]} 19. Kh1 {[%emt 0:00:01]} Nh5 {[%emt 0:00:53]} 20. Rfd1 {[%emt 0:01:32]} d5 {[%emt 0:12:17]} 21. Bxd5 {[%emt 0:03:40]} Rd8 {[%emt 0:00:48]} 22. Qc3 {[%emt 0:04:21]} Ng3+ {[%emt 0:00:51]} 23. hxg3 {[%emt 0:00:24]} Qg5 {[%emt 0:00:43]} 24. Bxf7+ {[%emt 0:00:41]} Kxf7 {[%emt 0:00:30]} 25. Qb3+ {[%emt 0:00:18]} Bd5 {[%emt 0:00:10]} 0-1

[Event "40th Eastman Open Ghent"]
[Site "Ghent"]
[Date "2017.07.16"]
[Round "4"]
[White "Epishin, Vladimir"]
[Black "Lammens, Tim"]
[Result "1/2-1/2"]
[WhiteElo "2541"]
[BlackElo "2304"]
[Annotator "TA"]
[PlyCount "56"]
[EventDate "2017.??.??"]
[EventType "swiss"]
[EventCountry "BEL"]
[SourceTitle "playchess.com"]
[Source "ChessBase"]
[SourceQuality "1"]

{[%evp 12,56,33,15,24,28,36,10,42,8,5,-35,-6,-10,0,-7,-12,-8,0,-20,4,-9,7,0,0,-18,88,-10,4,-22,18,10,16,13,14,20,4,-228,0,0,0,0,0,0,0,0,0]} 1. d4 Nf6 2. Nf3 g6 3. g3 Bg7 4. Bg2 O-O 5. O-O d6 6. Nc3 d5 {A49: 1 d4 Nf6 2 Nf3 g6 3 g3: Anti-King's Indian systems} (6... Nbd7 7. e4 e5 8. a4 c6 9. h3 b6 10. Be3 Qc7 11. Qd2 Bb7 12. Rad1 Rfe8 13. Rfe1 a6 14. g4 Rad8 15. Bh6 b5 16. axb5 axb5 17. b4 {0-1 (31) Mamedyarov,S (2746)-Amonatov,F (2614) Almaty 2016}) 7. Bf4 {LiveBook: 28 Games} Bf5 8. Nh4 $146 ({Predecessor:} 8. Ne5 c6 9. f3 Nh5 10. Be3 Bc8 11. Bf2 Nd7 12. Nxd7 Bxd7 13. e4 dxe4 14. fxe4 {½-½ (74) Lizak,P (2404)-Illingworth,M (2450) Budapest 2014}) 8... Be6 {White has an edge.} 9. Qd2 Qc8 (9... c5 $5) 10. Rfd1 Rd8 11. b4 Nc6 (11... a5 $5 {[%cal Ra5b4]} 12. a3 Nbd7 $11) 12. a3 Bh3 13. Nf3 Bxg2 14. Kxg2 e6 15. h4 h5 16. Ne5 a5 17. b5 Nxe5 18. Bxe5 c5 {[#]} (18... Qd7 $11 {keeps the balance.}) 19. Qf4 ({White should play} 19. Na4 $1 $16 {[%cal Ra4b6] Threatens to win with Nb6.} Ne4 20. Qd3) 19... cxd4 20. Na4 ({Much weaker is} 20. Bxd4 Ng4 $17) (20. Qxd4 $5 {[%cal Re5f6]} Ne8 21. Bxg7 Nxg7 22. e4 $11) 20... Nd7 (20... Ng4 {seems wilder.} 21. Bxg7 Kxg7 22. Nb6 e5 23. Nxc8 exf4 24. Nb6 Rab8) 21. Bxg7 Kxg7 22. Qxd4+ e5 $1 {[%cal Re5d4]} 23. Qxd5 {Strongly threatening c4.} Qxc2 24. Qxb7 $2 {[#]} (24. Rac1 $1 $11 {and White is okay.} Qxa4 25. Rc7) 24... Rab8 $2 ({Better is} 24... Nf6 $1 $19 {And now ...Rab8 would win.} 25. Nb6 Rab8) 25. Qc6 $11 {The position is equal.} Qxa4 26. Rxd7 Rxd7 27. Qxd7 Qxb5 28. Qxb5 Rxb5 {Precision: White = 24%, Black = 34%.} 1/2-1/2

[Event "40th Eastman Open Ghent"]
[Site "Ghent"]
[Date "2017.07.16"]
[Round "4"]
[White "Dgebuadze, Alexandre"]
[Black "Huhndorf, Arnold"]
[Result "1-0"]
[WhiteElo "2524"]
[BlackElo "2211"]
[Annotator "TA"]
[PlyCount "59"]
[EventDate "2017.??.??"]
[EventType "swiss"]
[EventCountry "BEL"]
[SourceTitle "playchess.com"]
[Source "ChessBase"]
[SourceQuality "1"]

{[%evp 28,59,45,40,62,62,62,62,62,62,62,62,62,64,64,64,69,59,71,71,70,73,66,66,83,67,72,75,90,88,139,139,144,123]} 1. e4 c5 2. Nf3 g6 3. c4 Nc6 4. d4 cxd4 5. Nxd4 Nf6 6. Nc3 d6 7. Be2 Nxd4 8. Qxd4 Bg7 9. Bg5 O-O 10. Qd2 Be6 11. Rc1 Qa5 12. O-O Rfc8 13. b3 a6 14. f4 {[%cal Bf2f4,Bf4f5,Bf5e6,Be6f7][%mdl 32]} b5 15. f5 b4 {B36: Sicilian: Maroczy Bind: Gurgenidze System} 16. fxe6 bxc3 17. exf7+ Kf8 $1 {White is slightly better.} 18. Qe3 Qc5 {[#]} 19. Bf3 $146 {aiming for Qxc5.} ({Predecessor:} 19. e5 Ne4 20. Kh1 Nxg5 21. Qxg5 Qxe5 22. Qh4 h5 23. Bd3 Bf6 24. Qh3 Kxf7 25. Rce1 Qg5 26. Be4 Rab8 27. Qxc3 Kg7 28. Qd3 Be5 {½-½ (28) Dgebuadze,A (2521)-Belezky,A (2463) Germany 2009}) 19... Rab8 $1 20. Kh1 Qxe3 $1 21. Bxe3 Nd7 22. Bg4 Rc7 {[#]} 23. Bxd7 $1 Rxd7 24. Bf2 $36 {[%mdl 2048] White has strong initiative.} a5 25. Be1 $1 a4 26. Bxc3 Bxc3 27. Rxc3 axb3 28. axb3 Rdb7 {[#]} ({Black should try} 28... e5) 29. Rh3 $1 $16 {[%cal Rh3h7]} Kg7 30. Kg1 {Precision: White = 97%, Black = 83%.} 1-0

[Event "40th Eastman Open Ghent"]
[Site "Ghent"]
[Date "2017.07.16"]
[Round "4"]
[White "Ward, Chris G"]
[Black "Hennipman, Rene"]
[Result "1-0"]
[WhiteElo "2441"]
[BlackElo "2191"]
[Annotator "TA"]
[PlyCount "53"]
[EventDate "2017.??.??"]
[EventType "swiss"]
[EventCountry "BEL"]
[SourceTitle "playchess.com"]
[Source "ChessBase"]
[SourceQuality "1"]

{[%evp 20,53,39,54,60,29,56,12,24,22,24,0,18,27,70,22,22,22,37,35,41,37,76,66,323,331,491,442,446,435,489,485,535,530,758,756]} 1. d4 Nf6 2. c4 e6 3. Nc3 Bb4 4. Nf3 O-O 5. Bg5 h6 6. Bh4 b6 7. e3 Bb7 8. Bd3 d6 9. O-O Bxc3 10. bxc3 Nbd7 11. Nd2 e5 {E13: Queen's Indian/Nimzo-Indian hybrid: 4 Nc3 Bb7 5 Bg5 h6 6 Bh4 Bb4} (11... Re8 12. f4 c5 13. e4 cxd4 14. cxd4 e5 15. fxe5 dxe5 16. d5 Qe7 17. Rc1 Qd6 18. Kh1 Rf8 19. Rc3 {1-0 (46) Sasikiran,K (2694)-Aveskulov,V (2544) Beijing 2008}) 12. Qc2 Qe7 13. Bf5 g5 {The position is equal.} 14. Bg3 Nh5 15. Rae1 Rae8 16. f4 $146 ({Find the theoretical novelty and annotate with similar games:} 16. Qa4 Nb8 17. Qd1 Ng7 18. Bd3 f5 19. f3 Qf6 {½-½ (45) Kovac,L (2208)-Hujo,J (2091) Slovakia 2008}) 16... Ng7 17. Bxd7 (17. fxe5 {keeps more tension.} Nxf5 18. Rxf5 dxe5 19. Bxe5 Qe6 20. Ref1) 17... Qxd7 18. fxe5 Nh5 19. exd6 Nxg3 20. hxg3 {[%cal Bh2g3,Bg3g4][%mdl 32] aiming for dxc7.} Qxd6 21. d5 $36 {[%mdl 2048] Ne4 is the strong threat. White has some pressure.} Re5 $2 {[%mdl 8192] [#]} (21... Kg7 $14) 22. Ne4 $18 Qg6 (22... Rxe4 $142 23. Qxe4 Ba6) 23. Nf6+ {White is clearly winning.} Kg7 24. e4 Bc8 25. g4 Rd8 26. Qf2 c5 27. Qg3 {Precision: White = 56%, Black = 27%.} 1-0

[Event "40th Eastman Open Ghent"]
[Site "Ghent"]
[Date "2017.07.16"]
[Round "4"]
[White "Sarrau, Jelle"]
[Black "Kitze, Alexander"]
[Result "1-0"]
[WhiteElo "2363"]
[BlackElo "2177"]
[Annotator "NA"]
[PlyCount "55"]
[EventDate "2017.??.??"]
[EventType "swiss"]
[EventCountry "BEL"]
[SourceTitle "playchess.com"]
[Source "ChessBase"]
[SourceQuality "1"]
[TimeControl "7200"]

1. Nf3 {[%emt 0:00:04]} Nf6 {[%emt 0:00:49]} 2. c4 {[%emt 0:00:07]} g6 {[%emt 0:00:11]} 3. Nc3 {[%emt 0:00:41]} d5 {[%emt 0:00:54]} 4. cxd5 {[%emt 0:01:18]} Nxd5 {[%emt 0:00:06]} 5. Qc2 {[%emt 0:00:25] A16: English Opening: 1...Nf6 with ...d5} (5. e4 Nxc3 6. dxc3 Qxd1+ 7. Kxd1 Nd7 8. Bf4 c6 9. Kc2 Nc5 10. Nd2 Bg7 11. Be3 Na4 12. Bc4 Nb6 13. Bb3 Nd7 14. a4 O-O 15. h4 h5 16. a5 Ne5 17. f3 {½-½ (48) So,W (2812)-Mamedyarov,S (2800) Paris 2017}) 5... Bg7 {[%emt 0:08:18]} 6. e4 {[%emt 0:07:01]} Nxc3 {[%emt 0:01:04]} 7. dxc3 {[%emt 0:00:13]} O-O {[%emt 0:00:56]} 8. Be3 {[%emt 0:00:18]} b6 {[%emt 0:05:47]} 9. Be2 $146 {[%emt 0:02:14]} ({Predecessor:} 9. h4 Bg4 10. Nh2 Be6 11. h5 c5 12. hxg6 hxg6 {0-1 (28) Bitalzadeh,A (2409)-Cigan,S (2343) Rogaska Slatina 2011}) 9... c5 {[%emt 0:00:42]} 10. h4 {[%emt 0:03:38]} h5 {[%emt 0:15:41]} 11. Ng5 {[%emt 0:02:11]} Nc6 {[%emt 0:01:40]} 12. f4 {[%emt 0:03:35]} e6 {[%emt 0:13:27]} 13. e5 {[%emt 0:07:19]} Ne7 {[%emt 0:12:05]} 14. Bf3 {[%emt 0:06:13]} Nd5 {[%emt 0:02:04]} 15. Bd2 {[%emt 0:02:46]} Bb7 {[%emt 0:02:33]} 16. O-O-O {[%emt 0:03:38]} b5 {[%emt 0:02:32]} (16... Qc7 $142) 17. Bxh5 {[%emt 0:02:05]} Ne7 {[%emt 0:04:11]} 18. Bf3 {[%emt 0:04:20]} Bxf3 {[%emt 0:00:45]} 19. Nxf3 {[%emt 0:00:11]} Qa5 {[%emt 0:02:31]} 20. Kb1 {[%emt 0:00:45]} Rfd8 {[%emt 0:01:21]} 21. h5 {[%emt 0:01:25]} Rd7 {[%emt 0:02:35]} 22. hxg6 {[%emt 0:02:14]} Nxg6 {[%emt 0:00:41]} 23. f5 {[%emt 0:02:06]} exf5 {[%emt 0:00:45]} 24. Qxf5 {[%emt 0:00:20]} (24. g4 $142) 24... Re7 $2 {[%emt 0:00:32]} (24... Nf8 25. e6 fxe6) 25. Bg5 {[%emt 0:00:23]} Re6 {[%emt 0:00:45]} 26. Rd7 {[%emt 0:00:17]} Rf8 {[%emt 0:00:16]} 27. Qh3 {[%emt 0:01:25]} Rfe8 {[%emt 0:00:49]} 28. Bf6 {[%emt 0:00:31]} 1-0

[Event "40th Eastman Open Ghent"]
[Site "Ghent"]
[Date "2017.07.16"]
[Round "4"]
[White "Van Beers, Eddy"]
[Black "Vermaat, Marcel"]
[Result "1-0"]
[WhiteElo "2312"]
[BlackElo "2160"]
[Annotator "ChessBase"]
[PlyCount "111"]
[EventDate "2017.??.??"]
[EventType "swiss"]
[EventCountry "BEL"]
[SourceTitle "playchess.com"]
[Source "ChessBase"]
[SourceQuality "1"]
[TimeControl "7200"]

1. e4 {[%emt 0:00:02]} c5 {[%emt 0:00:06]} 2. c3 {[%emt 0:00:05]} Nf6 {[%emt 0:00:55]} 3. e5 {[%emt 0:00:10]} Nd5 {[%emt 0:00:06]} 4. d4 {[%emt 0:00:03]} e6 {[%emt 0:02:27]} 5. Nf3 {[%emt 0:01:46]} cxd4 {[%emt 0:00:40]} 6. cxd4 {[%emt 0:01:49]} Nc6 {[%emt 0:00:11]} 7. Bc4 {[%emt 0:01:23]} d6 {[%emt 0:00:24]} 8. O-O {[%emt 0:00:28]} dxe5 {[%emt 0:00:28]} 9. dxe5 {[%emt 0:01:34]} Be7 {[%emt 0:00:26]} 10. Qe2 {[%emt 0:00:52]} Qc7 {[%emt 0:01:00]} 11. Rd1 {[%emt 0:10:04]} O-O {[%emt 0:03:35]} 12. Bxd5 {[%emt 0:04:33]} exd5 {[%emt 0:00:09]} 13. Nc3 {[%emt 0:00:07]} Bg4 {[%emt 0:01:28]} 14. Nxd5 {[%emt 0:05:59]} Bxf3 {[%emt 0:00:31]} 15. gxf3 {[%emt 0:03:36]} Qc8 {[%emt 0:00:10]} 16. Nxe7+ {[%emt 0:12:59]} Nxe7 {[%emt 0:00:10]} 17. Qe4 {[%emt 0:00:14]} Ng6 {[%emt 0:10:12]} 18. Bf4 {[%emt 0:11:12]} f5 {[%emt 0:00:57]} 19. exf6 {[%emt 0:08:48]} Rxf6 {[%emt 0:02:36]} 20. Bg3 {[%emt 0:00:06]} b6 {[%emt 0:05:34]} 21. Rd3 {[%emt 0:13:52]} Qf8 {[%emt 0:02:09]} 22. Bd6 {[%emt 0:06:34]} Qe8 {[%emt 0:00:17]} 23. Re1 {[%emt 0:05:49]} Qxe4 {[%emt 0:12:05]} 24. fxe4 {[%emt 0:00:01]} Rd8 {[%emt 0:00:08]} 25. Red1 {[%emt 0:00:09]} Kf7 {[%emt 0:00:22]} 26. Bg3 {[%emt 0:02:01]} Rxd3 {[%emt 0:00:12]} 27. Rxd3 {[%emt 0:00:01]} Rc6 {[%emt 0:00:10]} 28. Rd7+ {[%emt 0:01:04]} Kf6 {[%emt 0:00:24]} 29. Rxa7 {[%emt 0:03:01]} Rc2 {[%emt 0:00:09]} 30. b3 {[%emt 0:00:19]} Ne5 {[%emt 0:01:47]} 31. Bxe5+ {[%emt 0:02:18]} Kxe5 {[%emt 0:00:02]} 32. Rxg7 {[%emt 0:00:02]} Rxa2 {[%emt 0:00:09]} 33. Rxh7 {[%emt 0:00:06]} Rb2 {[%emt 0:01:23]} 34. Rh3 {[%emt 0:00:50]} Kxe4 {[%emt 0:00:10]} 35. Re3+ {[%emt 0:01:10]} Kf4 {[%emt 0:00:07]} 36. Kg2 {[%emt 0:00:06]} b5 {[%emt 0:00:15]} 37. h4 {[%emt 0:01:56]} Rc2 {[%emt 0:02:06]} 38. Rh3 {[%emt 0:02:01]} Rc7 {[%emt 0:00:35]} 39. h5 {[%emt 0:00:47]} Rg7+ {[%emt 0:01:12]} 40. Kf1 {[%emt 0:00:16]} Rh7 {[%emt 0:00:24]} 41. h6 {[%emt 0:00:09]} Kg4 {[%emt 0:00:36]} 42. Kg2 {[%emt 0:00:24]} b4 {[%emt 0:01:46]} 43. Rh1 {[%emt 0:00:38]} Kg5 {[%emt 0:00:40]} 44. Kg3 {[%emt 0:00:19]} Kg6 {[%emt 0:01:24]} 45. Kg4 {[%emt 0:00:30]} Kf7 {[%emt 0:00:22]} 46. Kg5 {[%emt 0:00:06]} Kg8 {[%emt 0:00:15]} 47. Rh4 {[%emt 0:00:38]} Rb7 {[%emt 0:00:53]} 48. f4 {[%emt 0:00:54]} Kh7 {[%emt 0:00:19]} 49. f5 {[%emt 0:00:02]} Rb6 {[%emt 0:00:48]} 50. Re4 {[%emt 0:00:11]} Rb5 {[%emt 0:00:19]} 51. Re7+ {[%emt 0:00:08]} Kh8 {[%emt 0:00:49]} 52. Kg6 {[%emt 0:00:07]} Rb8 {[%emt 0:00:41]} 53. f6 {[%emt 0:00:15]} Rg8+ {[%emt 0:00:34]} 54. Rg7 {[%emt 0:00:31]} Rf8 {[%emt 0:00:45]} 55. Rh7+ {[%emt 0:00:05]} Kg8 {[%emt 0:00:10]} 56. f7+ {[%emt 0:00:03]} 1-0

[Event "40th Eastman Open Ghent"]
[Site "Ghent"]
[Date "2017.07.16"]
[Round "4"]
[White "Hamblok, Roel"]
[Black "Lindam, Ingo"]
[Result "1-0"]
[WhiteElo "2305"]
[BlackElo "2088"]
[Annotator "RC"]
[PlyCount "57"]
[EventDate "2017.??.??"]
[EventType "swiss"]
[EventCountry "BEL"]
[SourceTitle "playchess.com"]
[Source "ChessBase"]
[SourceQuality "1"]
[TimeControl "7200"]

1. e4 {[%emt 0:02:53]} c5 {[%emt 0:00:01]} 2. Nc3 {[%emt 0:00:16]} a6 {[%emt 0:00:02]} 3. f4 {[%emt 0:00:14]} b5 {[%emt 0:00:02]} 4. g3 {[%emt 0:00:07]} Bb7 {[%emt 0:00:23]} 5. Bg2 {[%emt 0:00:06]} e6 {[%emt 0:00:15]} 6. d3 {[%emt 0:00:21]} d5 {[%emt 0:00:27]} 7. Qe2 {[%emt 0:01:59]} Be7 {[%emt 0:11:32]} 8. Nf3 {[%emt 0:08:23]} Nc6 {[%emt 0:03:40]} 9. O-O {[%emt 0:04:00]} b4 {[%emt 0:08:25]} 10. Nd1 {[%emt 0:01:00]} Qb6 {[%emt 0:04:29]} 11. exd5 {[%emt 0:05:37]} exd5 {[%emt 0:00:28]} 12. Ne3 {[%emt 0:00:06]} O-O-O {[%emt 0:02:13]} 13. Ne5 {[%emt 0:07:33]} Nxe5 {[%emt 0:09:29]} 14. fxe5 {[%emt 0:01:33]} Qe6 {[%emt 0:28:47]} 15. Nf5 {[%emt 0:11:03]} Bf6 {[%emt 0:06:07]} 16. Qf2 {[%emt 0:04:26]} Bxe5 {[%emt 0:09:04]} 17. Qxc5+ {[%emt 0:06:25]} Qc6 {[%emt 0:03:15]} 18. Qxb4 {[%emt 0:00:55]} Qxc2 {[%emt 0:00:56]} 19. d4 {[%emt 0:02:00]} a5 {[%emt 0:11:22]} 20. Qe1 {[%emt 0:03:46]} Bc7 {[%emt 0:01:54]} 21. Bg5 {[%emt 0:00:18]} Nf6 {[%emt 0:04:35]} 22. Rc1 {[%emt 0:01:08]} Qa4 {[%emt 0:00:50]} 23. Qc3 {[%emt 0:03:54]} Rd7 {[%emt 0:03:35]} 24. Nd6+ {[%emt 0:17:35]} Kb8 {[%emt 0:00:35]} 25. Nxb7 {[%emt 0:00:24]} Kxb7 {[%emt 0:00:13]} 26. Bxf6 {[%emt 0:00:27]} gxf6 {[%emt 0:00:15]} 27. Rxf6 {[%emt 0:02:41]} Bb6 {[%emt 0:02:41]} 28. Bxd5+ {[%emt 0:04:33]} Rxd5 {[%emt 0:02:54]} 29. Rxb6+ {[%emt 0:00:50]} 1-0

[Event "40th Eastman Open Ghent"]
[Site "Ghent"]
[Date "2017.07.16"]
[Round "4"]
[White "Harakis, Alexis M"]
[Black "Michiels, Bart"]
[Result "1/2-1/2"]
[WhiteElo "2284"]
[BlackElo "2536"]
[Annotator "TA"]
[PlyCount "71"]
[EventDate "2017.??.??"]
[EventType "swiss"]
[EventCountry "BEL"]
[SourceTitle "playchess.com"]
[Source "ChessBase"]
[SourceQuality "1"]

{[%evp 16,71,9,0,0,0,0,-20,-14,-16,-3,-22,-18,-12,-22,-8,-18,-12,-11,-17,-12,0,7,0,0,0,4,-34,0,-18,0,-11,23,22,22,21,22,22,25,25,36,18,20,20,22,0,0,0,0,0,0,0,47,0,0,6,7,0]} 1. d4 d5 2. Bf4 Nf6 3. e3 e6 4. c3 c5 5. Nd2 Nc6 6. Ngf3 Be7 7. h3 Bd6 {D02: 1 d4 d5 2 Nf3 sidelines, including 2...Nf6 3 g3 and 2...Nf6 3 Bf4} 8. Bxd6 (8. dxc5 Bxc5 9. Bd3 Bd6 10. Bxd6 Qxd6 11. e4 e5 12. O-O O-O 13. exd5 Qxd5 14. Qc2 Rd8 15. Bc4 {1-0 (52) Wei,Y (2707)-Aronian,L (2785) Doha 2016}) 8... Qxd6 9. Bb5 {LiveBook: 4 Games} O-O 10. O-O b6 $146 ({Predecessor:} 10... Bd7 11. Bxc6 Bxc6 12. Ne5 Nd7 13. Nxd7 Bxd7 14. Qb3 b6 15. Rfd1 {0-1 (32) Lang,T (2327)-Gonzalez Garcia,J (2498) Badalona 2016}) 11. c4 (11. Qe2 {is more complex.} Bb7 12. Rfd1 Rfd8 13. e4 Nxe4 14. Nxe4 dxe4 15. Qxe4 Na5 16. Qe2) 11... cxd4 12. cxd5 ({Reject} 12. Nxd4 Nxd4 13. exd4 Bb7 $17) 12... Qxd5 13. Bxc6 Qxc6 14. Nxd4 Qd7 15. Qe2 Bb7 16. Rfd1 Rac8 17. N2f3 Qe7 18. Rac1 Bd5 19. Qa6 Rc5 20. Rxc5 Qxc5 21. Nd2 e5 (21... Rd8 $5 {[%cal Re6e5]}) 22. N2b3 Qe7 23. Ne2 Qb4 {[#] And now ...Bc4 would win.} 24. Nc3 Bxb3 25. axb3 Qxb3 26. Rd2 h5 27. Qxa7 Re8 28. Qa4 (28. Qb7 {seems wilder.} Qb4 29. Qc6 Kf8 30. Kh2 Qc5 31. Rd6) 28... Qxa4 29. Nxa4 $11 {[%mdl 4096] Endgame KRN-KRN} b5 30. Nc3 b4 31. Nd5 Nxd5 32. Rxd5 Rc8 33. Rxe5 {next Rb5 is good for White.} Rc1+ 34. Kh2 Rc2 35. b3 Rxf2 36. Re4 {Precision: White = 45%, Black = 72%.} 1/2-1/2